Razonabilidad de las leyes: el debido proceso como garantía innominada en la Constitución Argentina

Wedi'i Gadw mewn:
Manylion Llyfryddiaeth
Prif Awdur: Linares, Juan Francisco (autor)
Fformat: Llyfr
Iaith:Sbaeneg
Cyhoeddwyd: Buenos Aires Depalma 1970
Rhifyn:2a. ed
Pynciau:
Tagiau: Ychwanegu Tag
Dim Tagiau, Byddwch y cyntaf i dagio'r cofnod hwn!

MARC

LEADER 00000nam a2200000 a 4500
001 UCT9580
003 CL-VaPUC
008 970411e19700000AG |||||||||||||||||spa|d
082 0 4 |a 342.044  |b LIN  |2 21 
100 |a Linares, Juan Francisco  |e autor  |9 384489 
245 1 0 |a Razonabilidad de las leyes: el debido proceso como garantía innominada en la Constitución Argentina 
250 |a 2a. ed 
300 |a 241 p 
942 |c BK 
945 |d 19970411 00:00:00  |a paguirre 
260 |a Buenos Aires  |b Depalma  |c 1970 
650 0 |a Constituciones  |9 255417 
650 0 |a Poder político  |9 255509 
650 0 |a Derecho natural   |9 255041 
650 0 |a Derecho constitucional   |9 222588 
650 0 |a Common Law (derecho anglosajón, derecho inglés)  |9 380793 
651 0 |a Argentina  |9 254888 
583 |a last modification  |c 19970411 00:00:00  |k Rodrigo Vera 
999 |c 257963  |d 257961 
952 |0 0  |1 0  |4 0  |6 342_044000000000000_LIN_1970  |7 0  |8 A  |9 281690  |a BIBDER  |b BIBDER  |d 2019-11-19  |i 1826328  |o 342.044 LIN 1970  |p 1826328  |r 2023-01-25  |w 2019-11-19  |y BK  |k DER